00895 a2200169 4500003000500000005001700005010001600022020002700038040000900065082001600074100002100090245013100111260009300242300003400335505032100369650003500690Nust20220804125445.0 a 97034944 a0964000032 (hardcover) cNust00a621.367,HOL1 aHolst, Gerald C.10aSampling, aliasing, and data fidelity for electronic imaging systems, communications, and data acquisition /cGerald C. Holst. aWinter Park, FL :bJCD Pub. ;aBellingham, WA :bSPIE Optical Engineering Press,cc1998. axvi, 326 p. :bill. ;c24 cm. aIntroduction (Page-1), Fourier Transform (Page-29), Linear System Theory (Page-65), Sampling (Page-81), Sampling Devices (Page-98), Resampling (Page-131), Reconstruction (Page-158), Reconstructed Signal Processing (Page-196, System Analysis (Page-228), System Resolution (Page-274), Image Quality Metrics (Page-293). 0aTelecommunication Engineering.